Understanding nonlinear dynamics

Đã lưu trong:
Chi tiết về thư mục
Những tác giả chính: Kaplan, Daniel (Tác giả), Glass, León (Tác giả)
Định dạng: Sách
Ngôn ngữ:Tiếng Anh
Được phát hành: Nueva York Springer 1995
Loạt:Textbooks in Mathematical Sciences
Những chủ đề:
Các nhãn: Thêm thẻ
Không có thẻ, Là người đầu tiên thẻ bản ghi này!

MARC

LEADER 00000nam a2200000 a 4500
001 UCO5325
003 CL-VaPUC
008 000901e19950000US |||||||||||||||||eng|d
082 0 4 |a 515.352  |b KAP  |2 21 
100 0 |a Kaplan, Daniel  |e author  |9 450113 
700 0 |a Glass, León  |e author  |9 450114 
245 1 0 |a Understanding nonlinear dynamics 
300 |a 420 p 
942 |c BK 
945 |d 20000901 00:00:00  |a vberengu 
260 |a Nueva York  |b Springer  |c 1995 
650 0 |a Ecuaciones diferenciales  |9 260083 
650 0 |a Geometría fractal  |9 407107 
650 0 |a Sistemas dinámicos diferenciales   |9 263372 
650 7 |a TEORIA DE OPERADORES  |2 CL-VaPUC  |9 271302 
583 |a last modification  |c 20000901 00:00:00  |k Rodrigo Vera 
490 0 |a Textbooks in Mathematical Sciences 
999 |c 291224  |d 291222 
952 |0 0  |1 0  |4 0  |6 515_352000000000000_KAP_1995  |7 0  |8 A  |9 341011  |a BIBCUR  |b BIBCUR  |d 2019-11-20  |i 3636259  |l 1  |m 2  |o 515.352 KAP 1995  |p 3636259  |r 2025-04-22  |s 2024-06-19  |w 2019-11-20  |y BK  |k FIS